| 000 | 01069 a2200253 4500 | ||
|---|---|---|---|
| 999 |
_c4334 _d4334 |
||
| 020 | _a0324270747 | ||
| 020 | _a0324225458 (International student ed.) | ||
| 050 | 0 | 0 | _aKF889 MAN 2005 |
| 100 | 1 | _aMann, Richard A. | |
| 245 | 1 | 0 |
_aBusiness law and the regulation of business / _cRichard A. Mann, Barry S. Roberts. |
| 250 | _a8th ed. | ||
| 264 |
_aOhio _bThomson _c2005 |
||
| 300 |
_a1 v. (various pagings) : _bill. (some col.), form ; |
||
| 500 | _aBusiness Law | ||
| 504 | _aIncludes bibliographical references and index. | ||
| 650 | 0 | _aCommercial law | |
| 650 | 0 | _aTrade regulation | |
| 700 | 1 | _aRoberts, Barry S. | |
| 856 | 4 | 2 |
_3Contributor biographical information _uhttp://www.loc.gov/catdir/enhancements/fy1514/2003112843-b.html |
| 856 | 4 | 2 |
_3Publisher description _uhttp://www.loc.gov/catdir/enhancements/fy1514/2003112843-d.html |
| 856 | 4 | 1 |
_3Table of contents only _uhttp://www.loc.gov/catdir/enhancements/fy1514/2003112843-t.html |
| 942 |
_2lcc _cBK _e8th ed. _h889 _iMAN _kKF |
||